000 00412nam a2200169Ia 4500
008 230524s9999 xx 000 0 und d
020 _a97800707004457
082 _bWAT
100 _aDonald Watson
_942899
245 0 _aFor Building Materials & Systems
250 _a2
260 _aNew Delhi
_bTMH
_c2011
300 _a"XIII,D.5.1.1p;"
500 _aQuantity Number: 1
650 _aCivil
942 _cBK
999 _c57868
_d57868